Bytový dom

Salvato in:
Dettagli Bibliografici
Autore principale: Ondrášková, Nikola (Autore)
Altri autori: Briatka, Peter (Relatore della tesi)
Natura: Manoscritto Libro
Lingua:slovacco
Pubblicazione: 2018
Soggetti:
Accesso online:http://is.stuba.sk/zp/portal_zp.pl?podrobnosti=124887
https://opac.crzp.sk/?fn=detailBiblioForm&sid=CB745B58B0F7E53C045BCA6F3E25
Tags: Aggiungi Tag
Nessun Tag, puoi essere il primo ad aggiungerne!!

MARC

LEADER 00000ntm a22000003a 4500
001 stuzp69387
003 SK-STU
005 20230522102336.9
007 ta
008 150427s2015----xo-----f-mn---000-0-slo-d
040 |a STU  |b slo 
041 0 |a slo 
100 1 |a Ondrášková, Nikola  |u 010270  |4 aut  |U SvF Stavebná fakulta  |T SvF Katedra technológie stavieb  |X 81190  |U V270  |Y 28  |7 81190 
242 0 1 |a Residential House  |y eng 
245 1 0 |a Bytový dom 
260 |c 2018 
650 4 |a projekt organizácie výstavby  |2 slo 
650 4 |a bytový dom  |2 slo 
650 4 |a kamenný koberec  |2 slo 
650 4 |a technológia stavieb  |2 slo 
650 4 |a residential house  |2 eng 
650 4 |a stone carpet  |2 eng 
650 4 |a construction organisation project  |2 eng 
650 4 |a building technology  |2 eng 
700 1 |a Briatka, Peter  |u 010270  |k Z8  |4 ths  |U SvF Stavebná fakulta  |T SvF Katedra technológie stavieb  |X 23787  |U V270  |Y 28  |7 A000023787 
856 4 |u http://is.stuba.sk/zp/portal_zp.pl?podrobnosti=124887 
856 4 |u https://opac.crzp.sk/?fn=detailBiblioForm&sid=CB745B58B0F7E53C045BCA6F3E25